000 00773cam a22002651 4500
001 sa 68012548
003 DLC
005 20260227112611.0
008 941101s1963 ce d 000 0 sino
010 _asa 68012548
025 _aPL480:C-177
035 _a(OCoLC)31390577
040 _aDLC
_cCU
_dCU
_dDLC
041 0 _asnheng
042 _apremarc
050 0 0 _aQL9
_b.C4 1963
110 1 _aCeylon.
_bRājya Bhāṣā Depārtamēntuva.
245 1 0 _aPāribhāṣika śadba mālāva: sattva vidyāva.
260 _c[1963]
300 _avi, 258 p.
_c25 cm.
500 _aIn Sinhalese.
650 0 _aZoology
_xDictionaries
_xSinhalese.
650 0 _aEnglish language
_xDictionaries
_xSinhalese.
740 0 _aGlossary of technical terms: zoology (English-Sinhalese)
999 _c84587
_d84587